Statistiques concernant Ben 10-Les 10 Aliens originaux de l'Omnitrix

Cliquez ici pour prendre le quiz!

Statistiques générales

  • Ce quiz a été pris 62 fois
  • Le résultat moyen est 7 sur 10

Statistiques - réponses

NuméroNom de l'Alien% Correct
10Inferno
89%
2Quad
89%
6Incassable
77%
1Sauvage
75%
7Mâchoire
73%
3Têtard Gris
70%
4AXLR
68%
9Spectral
66%
8Dard
61%
5Biotech
59%

Distribution des résultats

Percentile par nombre de réponses

% des personnes avec chaque résultat

Votre développement - résultats

Vous n’avez pas pris ce quiz